| 000 | 00810nam a2200253Ia 4500 | ||
|---|---|---|---|
| 003 | GCL | ||
| 005 | 20240530095548.0 | ||
| 008 | 140319s9999 xx 000 0 ara d | ||
| 040 |
_aGCL / _cGCL |
||
| 082 | 0 | 4 |
_a001.2 _bط/ع ع |
| 100 | 1 | _aجافيه، لورا | |
| 245 | 1 | 0 |
_aالعيش معا فى الاسرة / _cجافيه، لورا |
| 250 | _aالاولى | ||
| 260 |
_aالاردن : _bدار عويدات للنشر والطباعة ، _c2005 |
||
| 300 |
_a6 مج ؛ _c16 سم |
||
| 490 |
_aموسوعة دليل الطفل المواطن _v0 |
||
| 650 | 0 | 4 | _aالاسرة |
| 650 | 0 | 4 | _aالعلاقات الاسرية |
| 650 | 0 | 4 | _aقصص الاطفال |
| 650 | 0 | 4 | _aالوطنية |
| 650 | 0 | 4 | _aالاسرة - اخلاقيات |
| 700 | 1 | _aبورتو، كاترين | |
| 942 |
_2ddc _cBK |
||
| 999 |
_c8381 _d8381 |
||